What a great idea! : (Record no. 114735)
[ view plain ]
| 000 -LEADER | |
|---|---|
| fixed length control field | 00542nam a2200157 a 4500 |
| 005 - DATE AND TIME OF LATEST TRANSACTION | |
| control field | 20140414132111.0 |
| 008 - FIXED-LENGTH DATA ELEMENTS--GENERAL INFORMATION | |
| fixed length control field | 110512s19uu xx 00 eng d |
| 050 ## - LIBRARY OF CONGRESS CALL NUMBER | |
| Classification number | M 609 |
| Item number | T66 2003 |
| 100 ## - MAIN ENTRY--PERSONAL NAME | |
| Personal name | Tomecek, Steve. |
| 245 ## - TITLE STATEMENT | |
| Title | What a great idea! : |
| Remainder of title | inventions that changed the world / |
| Statement of responsibility, etc | Stephen M. Tomecek ; illustrated by Dan Stuckenschneider. |
| 250 ## - EDITION STATEMENT | |
| Edition statement | 1st ed. |
| 260 ## - PUBLICATION, DISTRIBUTION, ETC. (IMPRINT) | |
| Place of publication, distribution, etc | New York : |
| Name of publisher, distributor, etc | Scholastic Nonfiction, |
| Date of publication, distribution, etc | 2003. |
| 650 ## - SUBJECT ADDED ENTRY--TOPICAL TERM | |
| Topical term or geographic name as entry element | Inventions |
| General subdivision | History |
| -- | Juvenile literature. |
| 700 ## - ADDED ENTRY--PERSONAL NAME | |
| Personal name | Stuckenschneider, Dan, ill. |
| Withdrawn status | Lost status | Damaged status | Use restrictions | Home library | Current library | Shelving location | Date acquired | Source of acquisition | Cost, normal purchase price | Total Checkouts | Full call number | Barcode | Date last seen | Price effective from | Koha item type |
|---|---|---|---|---|---|---|---|---|---|---|---|---|---|---|---|
| Munich Library | Munich Library | Main Section | 05/12/2011 | 795.00 | M 609 T66 2003 | M6628 | 04/14/2014 | 04/14/2014 | Books |